<?xml version="1.0" encoding="UTF-8"?>
<collection xmlns="http://www.loc.gov/MARC21/slim">
<record>
  <controlfield tag="001">123179</controlfield>
  <controlfield tag="005">20210406161904.0</controlfield>
  <datafield tag="010" ind1=" " ind2=" ">
    <subfield code="a"></subfield>
  </datafield>
  <datafield tag="020" ind1=" " ind2=" ">
    <subfield code="a">3-9808754-2-3</subfield>
  </datafield>
  <datafield tag="024" ind1="7" ind2=" ">
    <subfield code="a">GVK:512227594</subfield>
    <subfield code="2">GVK</subfield>
  </datafield>
  <datafield tag="037" ind1=" " ind2=" ">
    <subfield code="a">ERESRWTH-2020-00138</subfield>
  </datafield>
  <datafield tag="041" ind1=" " ind2=" ">
    <subfield code="a">German</subfield>
  </datafield>
  <datafield tag="100" ind1="1" ind2=" ">
    <subfield code="a">Neiberger, Cordula</subfield>
    <subfield code="0">P:(DE-HGF)0</subfield>
    <subfield code="b">0</subfield>
  </datafield>
  <datafield tag="111" ind1="2" ind2=" ">
    <subfield code="a">Deutscher Geographentag</subfield>
  </datafield>
  <datafield tag="245" ind1=" " ind2=" ">
    <subfield code="a">Globalisierung der Güterverkehrsbranche. In: Globalisierung der Güterverkehrsbranche – Der Einfluss von Deregulierung, veränderten Kundenanforderungen und neuen Technologien auf den internationalen Güterverkehr. In: Grenzwerte : Tagungsbericht und wissenschaftliche Abhandlungen ; 55. Deutscher Geographentag Trier 2005, 1. bis 8. Oktober 2005</subfield>
    <subfield code="c">im Auftr. der Dt. Gesellschaft für Geographie hrsg. von Elmar Kulke ..</subfield>
  </datafield>
  <datafield tag="260" ind1=" " ind2=" ">
    <subfield code="a">Leipzig [u.a.]</subfield>
    <subfield code="c">2006</subfield>
    <subfield code="b">DGfG</subfield>
  </datafield>
  <datafield tag="300" ind1=" " ind2=" ">
    <subfield code="a">IX, 747 S : Ill., graph. Darst., Kt</subfield>
  </datafield>
  <datafield tag="336" ind1="7" ind2=" ">
    <subfield code="a">CONFERENCE_PAPER</subfield>
    <subfield code="2">ORCID</subfield>
  </datafield>
  <datafield tag="336" ind1="7" ind2=" ">
    <subfield code="a">Conference Paper</subfield>
    <subfield code="0">33</subfield>
    <subfield code="2">EndNote</subfield>
  </datafield>
  <datafield tag="336" ind1="7" ind2=" ">
    <subfield code="a">INPROCEEDINGS</subfield>
    <subfield code="2">BibTeX</subfield>
  </datafield>
  <datafield tag="336" ind1="7" ind2=" ">
    <subfield code="a">conferenceObject</subfield>
    <subfield code="2">DRIVER</subfield>
  </datafield>
  <datafield tag="336" ind1="7" ind2=" ">
    <subfield code="a">Output Types/Conference Paper</subfield>
    <subfield code="2">DataCite</subfield>
  </datafield>
  <datafield tag="336" ind1="7" ind2=" ">
    <subfield code="a">Contribution to a conference proceedings</subfield>
    <subfield code="b">contrib</subfield>
    <subfield code="m">contrib</subfield>
    <subfield code="0">PUB:(DE-HGF)8</subfield>
    <subfield code="s">1617718719_22839</subfield>
    <subfield code="2">PUB:(DE-HGF)</subfield>
  </datafield>
  <datafield tag="336" ind1="7" ind2=" ">
    <subfield code="a">Contribution to a book</subfield>
    <subfield code="0">PUB:(DE-HGF)7</subfield>
    <subfield code="2">PUB:(DE-HGF)</subfield>
    <subfield code="m">contb</subfield>
  </datafield>
  <datafield tag="500" ind1=" " ind2=" ">
    <subfield code="a">Literaturangaben; Beitr. teilw. dt., teilw. engl.; German</subfield>
  </datafield>
  <datafield tag="588" ind1=" " ind2=" ">
    <subfield code="a">Dataset connected to GVK</subfield>
  </datafield>
  <datafield tag="650" ind1=" " ind2="7">
    <subfield code="a">Geografie</subfield>
    <subfield code="0">(DE-588)4020216-1</subfield>
    <subfield code="2">gnd</subfield>
  </datafield>
  <datafield tag="856" ind1="4" ind2=" ">
    <subfield code="u">http://www.gbv.de/dms/bs/toc/512227594.pdf</subfield>
  </datafield>
  <datafield tag="856" ind1="4" ind2=" ">
    <subfield code="u">http://reserves.ub.rwth-aachen.de/record/123179/files/ERESRWTH-2020-00138.pdf</subfield>
    <subfield code="y">Restricted</subfield>
  </datafield>
  <datafield tag="856" ind1="4" ind2=" ">
    <subfield code="u">http://reserves.ub.rwth-aachen.de/record/123179/files/ERESRWTH-2020-00138.gif?subformat=icon</subfield>
    <subfield code="x">icon</subfield>
    <subfield code="y">Restricted</subfield>
  </datafield>
  <datafield tag="856" ind1="4" ind2=" ">
    <subfield code="u">http://reserves.ub.rwth-aachen.de/record/123179/files/ERESRWTH-2020-00138.jpg?subformat=icon-1440</subfield>
    <subfield code="x">icon-1440</subfield>
    <subfield code="y">Restricted</subfield>
  </datafield>
  <datafield tag="856" ind1="4" ind2=" ">
    <subfield code="u">http://reserves.ub.rwth-aachen.de/record/123179/files/ERESRWTH-2020-00138.jpg?subformat=icon-180</subfield>
    <subfield code="x">icon-180</subfield>
    <subfield code="y">Restricted</subfield>
  </datafield>
  <datafield tag="856" ind1="4" ind2=" ">
    <subfield code="u">http://reserves.ub.rwth-aachen.de/record/123179/files/ERESRWTH-2020-00138.jpg?subformat=icon-640</subfield>
    <subfield code="x">icon-640</subfield>
    <subfield code="y">Restricted</subfield>
  </datafield>
  <datafield tag="909" ind1="C" ind2="O">
    <subfield code="p">VDB</subfield>
    <subfield code="o">oai:reserves.ub.rwth-aachen.de:123179</subfield>
  </datafield>
  <datafield tag="915" ind1="1" ind2=" ">
    <subfield code="a">Digitalisierungsanfrage / Digitization request</subfield>
    <subfield code="0">StatID:(DE-HGF)2100</subfield>
    <subfield code="2">StatID</subfield>
    <subfield code="x">0</subfield>
  </datafield>
  <datafield tag="920" ind1="1" ind2=" ">
    <subfield code="0">I:(DE-RON)20ss-55.19469</subfield>
    <subfield code="k">20ss-55.19469</subfield>
    <subfield code="l">Wirtschaftsgeographie der Dienstleistungen (VO) [55.19469]</subfield>
    <subfield code="x">0</subfield>
  </datafield>
  <datafield tag="920" ind1="1" ind2=" ">
    <subfield code="0">I:(DE-RON)21ss-55.19469</subfield>
    <subfield code="k">21ss-55.19469</subfield>
    <subfield code="l">Wirtschaftsgeographie der Dienstleistungen (VO) [55.19469]</subfield>
    <subfield code="x">1</subfield>
  </datafield>
  <datafield tag="980" ind1=" " ind2=" ">
    <subfield code="a">contrib</subfield>
  </datafield>
  <datafield tag="980" ind1=" " ind2=" ">
    <subfield code="a">VDB</subfield>
  </datafield>
  <datafield tag="980" ind1=" " ind2=" ">
    <subfield code="a">contb</subfield>
  </datafield>
  <datafield tag="980" ind1=" " ind2=" ">
    <subfield code="a">I:(DE-RON)20ss-55.19469</subfield>
  </datafield>
  <datafield tag="980" ind1=" " ind2=" ">
    <subfield code="a">I:(DE-RON)21ss-55.19469</subfield>
  </datafield>
  <datafield tag="980" ind1=" " ind2=" ">
    <subfield code="a">UNRESTRICTED</subfield>
  </datafield>
</record>
</collection>